MLB The Show 23 Live Series 💎 - Statistics

General Stats
  • This quiz has been taken 670 times
  • The average score is 23 of 43
Answer Stats
Hint Answer % Correct
Angels- 91 Mike Trout
99%
Angels- 96 Shohei Ohtani
97%
Yankees- 94 Aaron Judge
96%
Padres- 91 Fernando Tatis
94%
Rangers- 95 Jacob deGrom
92%
Braves- 89 Ronald Acuna
87%
Dodgers- 90 Mookie Betts
86%
Cardinals- 90 Paul Goldschmidt
81%
Dodgers- 85 Freddie Freeman
75%
Mets- 85 Pete Alonso
73%
Astros- 87 Jose Altuve
72%
Phillies- 87 Bryce Harper
68%
Cardinals- 86 Nolan Arenado
68%
Mets-(IR) 91 Edwin Diaz
67%
Yankees- 89 Gerrit Cole
67%
Braves- 90 Spencer Strider
65%
Guardians- 87 Jose Ramirez
64%
Reds- 85 Alexis Diaz
63%
Mets- 87 Max Scherzer
62%
Mets- 90 Justin Verlander
61%
Jays- 87 Vladimir Guerrero
59%
Twins- 86 Byron Buxton
58%
Astros- 85 Yordan Alvarez
53%
Dodgers- 86 Clayton Kershaw
52%
Rangers- 87 Adolis Garcia
48%
Astros- 87 Kyle Tucker
45%
Rangers- 85 Marcus Semien
45%
Dodgers- 88 Will Smith
39%
Diamondbacks- 88 Zac Gallen
39%
Brewers- 85 Corbin Burnes
37%
Braves- 85 Max Fried
34%
Mariners- 87 Luis Castillo
32%
Marlins- 85 Jazz Chisholm
31%
Braves- 85 Michael Harris
27%
Orioles- 85 Felix Bautista
26%
Padres- 87 Josh Hader
23%
Phillies- 85 J.T Realmuto
23%
Rays- 87 Shane McClanahan
23%
Yankees- 86 Carlos Rodon
22%
Braves- 85 Sean Murphy
21%
Orioles- 85 Adley Rutchman
16%
Jays- 85 Matt Chapman
15%
Twins- 85 Joe Ryan
11%
No matching quizzes found
Score Distribution
Percent of People with Each Score
Percentile by Number Answered
Your Score History
You have not taken this quiz